IPDS: U.S. Customs A Practitioner's Guide to Principles, Process, and Procedures

Detalles Bibliográficos
Formato: eBook
Lenguaje:inglés
Publicado: Chicago: American Bar Association, 2016
Edición:Segunda Edicin̤
Materias:
Acceso en línea:Acceso restringido

MARC

LEADER 00000nam a22000007a 4500
005 20210226220245.0
007 cr|||| ||||
008 210226s2016 us |||||s|||| 00||0 eng d
020 |a 978-1-63425-303-1 
035 |a 32421 
040 |a vLex 
090 |c 11302  |d 11302 
245 0 0 |a IPDS: U.S. Customs  |h [Recurso electrn̤ico] :  |b A Practitioner's Guide to Principles, Process, and Procedures 
250 |a Segunda Edicin̤ 
256 |a Servicio en ln̕ea 
260 |a Chicago:  |b American Bar Association,  |c 2016 
300 |a 1 recurso electrn̤ico 
506 1 |a Disponible solo en los productos indicados  |d vLex Global  |d vLex Global (Academic Edition, excluding Law Schools)  |d vLex Global (Academic Edition, Law Schools) 
650 0 4 |a Derecho Internacional  |z Estados Unidos 
650 0 4 |a Derecho Pb︢lico y Administrativo  |z Estados Unidos 
740 0 |a vLex Libros (Servicio en ln̕ea) 
856 4 0 |u http://vlex.com/source/ipds-us-customs-practitioner-s-guide-principles-process-procedures-second-edition-32421  |z Acceso restringido 
942 |c BOOK 
999 0 |a International Law 
999 0 |a Public and Administrative Law